Statistics for Baseball Players by Team History

Click here to take the quiz!

General Stats

  • This quiz has been taken 3,956 times
  • The average score is 11 of 20

Answer Stats

TeamsPlayer% Correct
Pirates, GiantsBarry Bonds
76%
Mariners, Rangers, YankeesAlex Rodriguez
74%
Red Sox, Blue Jays,
Yankees, Astros, Yankees
Roger Clemens
72%
Expos, Mariners, Astros, Diamondbacks,
Yankees, Diamondbacks, Giants
Randy Johnson
70%
Cardinals, AngelsAlbert Pujols
70%
Mariners, Reds, White Sox, MarinersKen Griffey, Jr.
68%
Marlins, TigersMiguel Cabrera
65%
A's, CardinalsMark McGwire
64%
Red Sox, Yankees, BravesBabe Ruth
60%
Orioles, Astros, Phillies,
Diamondbacks, Red Sox
Curt Schilling
56%
Mets, Angels, Astros, RangersNolan Ryan
55%
Cubs, Braves, Cubs, Dodgers,
Padres, Dodgers
Greg Maddux
52%
Dodgers, Expos, Red Sox,
Mets, Phillies
Pedro Martinez
52%
Royals, A's, Red Sox, Yankees,
Tigers, Rays, Indians
Johnny Damon
51%
A's, Orioles, Yankees, Angels, A'sReggie Jackson
48%
A's, Yankees, A's, Blue Jays, A's,
Padres, Angels, A's, Mets, Mariners,
Padres, Red Sox, Dodgers
Rickey Henderson
47%
Indians, Red Sox,
Dodgers, White Sox, Rays
Manny Ramirez
47%
Rangers, White Sox, Cubs,
Orioles, Rangers
Sammy Sosa
42%
Tigers, Dodgers, Royals, Pirates, TigersKirk Gibson
35%
Indians, Phillies, Mariners,
Rangers, Phillies
Cliff Lee
32%

Score Distribution

Percentile by Number Answered

Percent of People with Each Score

Your Score History

You have not taken this quiz